| 000 | 01126nac a22003737a 4500 | ||
|---|---|---|---|
| 001 | BR2013005354 | ||
| 003 | BR-BrBNA | ||
| 005 | 20240105123955.0 | ||
| 008 | 230509b bl.|||m| |||| 00| 0 por d | ||
| 040 |
_aBR-BrBNA _bpor _cBiblioteca Nacional de Agricultura |
||
| 072 | _aQ70 | ||
| 090 | _a3862 BR2013005354 | ||
| 100 | 1 | _aPighinelli, A.L.M.T. | |
| 100 | 1 | _aCarvalho, F.B. de P. | |
| 100 | 1 | _aGhiselli, G. | |
| 100 | 1 | _aSantos, I.E. dos | |
| 100 | 1 | _aGarcia, L.C. | |
| 100 | 1 | _aCosta, P.P.K.G. | |
| 100 | 1 | _aSantosd, R.F. dos | |
| 100 | 1 | _aMendes, T.D. | |
| 110 | 1 |
_aEMBRAPA Agroenergia, Brasília, DF (Brasil) _93532 |
|
| 245 | 1 | _aA importância do gerenciamento de resíduos nos laboratórios de pesquisa | |
| 260 | 3 |
_aBrasília, DF (Brasil): _c2012. |
|
| 300 | _a39 p. | ||
| 490 |
_aDocumentos - EMBRAPA Agroenergia (Brazil) _vno. 11 _xISSN 2177-4439 |
||
| 500 | _a25 ref. | ||
| 650 | _aRESÍDUO QUÍMICO | ||
| 650 | _aLABORATÓRIO | ||
| 650 | _aPESQUISA | ||
| 650 | _aTRATAMENTO | ||
| 650 | _aACONDICIONAMENTO | ||
| 909 |
_a202312 _bLúcia Elande _c55 _dLúcia Elande |
||
| 942 |
_2AGRIS _n0 _cMS |
||
| 999 |
_c297803 _d297803 |
||